Your greatest gift for your greatest love : (Record no. 112772)
[ view plain ]
| 000 -LEADER | |
|---|---|
| fixed length control field | 00346nam a2200109 a 4500 |
| 005 - DATE AND TIME OF LATEST TRANSACTION | |
| control field | 20140414131950.0 |
| 008 - FIXED-LENGTH DATA ELEMENTS--GENERAL INFORMATION | |
| fixed length control field | 110202s19uu xx 00 eng d |
| 050 ## - LIBRARY OF CONGRESS CALL NUMBER | |
| Classification number | TR 306.874 |
| Item number | T15 2000 |
| 100 ## - MAIN ENTRY--PERSONAL NAME | |
| Personal name | Tan, Earnest |
| 245 ## - TITLE STATEMENT | |
| Title | Your greatest gift for your greatest love : |
| Remainder of title | a guidebook for people who care for and nurture children. |
| Withdrawn status | Lost status | Damaged status | Home library | Current library | Shelving location | Date acquired | Total Checkouts | Full call number | Barcode | Date last seen | Price effective from | Koha item type |
|---|---|---|---|---|---|---|---|---|---|---|---|---|
| Munich Library | Munich Library | Teachers Reference Section | 02/02/2011 | TR 306.874 T15 2000 | M4162 | 04/14/2014 | 04/14/2014 | Books |